| 000 | 00609nam a2200217Ia 4500 | ||
|---|---|---|---|
| 001 | 7814 | ||
| 003 | GE_BSU | ||
| 008 | 181216s||||||||xx |||||||||||||| ||und|| | ||
| 040 | _cGE_BSU | ||
| 080 | _a536.24 | ||
| 245 | _aОсновы теорий тепло обмена. | ||
| 245 | _cРед. С.О.ОмбЫш-Кузнецов. | ||
| 250 | _aИзд 4-ое, дополненное. | ||
| 260 | _aНовосибирск. | ||
| 260 | _bНаука. | ||
| 260 | _c1970. | ||
| 300 | _a658стр. 22 см. | ||
| 300 | _eтабл. | ||
| 653 | _aОсновы теорий тепло обмена. | ||
| 942 | _cBK | ||
| 999 |
_c41164 _d41164 |
||